[Event "Aeroflot Open 2003"]
[Site "?"]
[Date "2003.??.??"]
[Round "1"]
[White "Ehlvest, Jaan"]
[Black "Korobov"]
[Result "0-1"]
[WhiteElo "2600"]
[BlackElo "2509"]
[PlyCount "52"]

1. d4 Nf6 2. c4 e6 3. Nc3 Bb4 4. f3 d5 5. a3 Bxc3+ 6. bxc3 c5 7. cxd5 Nxd5 8.
dxc5 Qa5 9. e4 Ne7 10. Be3 Qxc3+ 11. Kf2 Nbc6 12. Ne2 Qa5 13. Nd4 O-O 14. Nb5
f5 15. Qc2 fxe4 16. Qxe4 Nd5 17. Nd6 Nf6 18. Qc2 Ng4+ 19. Ke2 b6 20. Nxc8 Nxe3
21. Kxe3 Raxc8 22. Bd3 Ne5 23. Bxh7+ Kh8 24. Be4 Rxc5 25. Qd1 Rc3+ 26. Kf2 Ng4+
0-1

[Event "Aeroflot Open 2003"]
[Site "?"]
[Date "2003.02.11"]
[Round "1"]
[White "Kuelaots, Kaido"]
[Black "Henkin, Igor"]
[Result "1/2-1/2"]
[WhiteElo "2516"]
[BlackElo "2624"]
[PlyCount "40"]

1. e4 c6 2. d4 d5 3. Nd2 dxe4 4. Nxe4 Bf5 5. Ng3 Bg6 6. h4 h6 7. Nf3 Nd7 8. h5
Bh7 9. Bd3 Bxd3 10. Qxd3 e6 11. Bf4 Ngf6 12. O-O-O Be7 13. Kb1 O-O 14. Ne4 Nxe4
15. Qxe4 Nf6 16. Qe2 Qd5 17. Ne5 Qe4 18. Qxe4 Nxe4 19. Rhe1 Nf6 20. g4 Rfd8
1/2-1/2

[Event "Aeroflot Open (B) 2003"]
[Site "?"]
[Date "2003.02.11"]
[Round "1"]
[White "Kanep, Meelis"]
[Black "Zavadzka"]
[Result "1-0"]
[WhiteElo "2445"]
[BlackElo "2335"]
[PlyCount "69"]

1. d4 Nf6 2. Bg5 Ne4 3. Bf4 c5 4. f3 Nf6 5. d5 g6 6. Nc3 Bg7 7. Qd2 d6 8. e4 a6
9. O-O-O O-O 10. h4 b5 11. Bh6 b4 12. Nce2 e6 13. h5 exd5 14. hxg6 fxg6 15.
Bxg7 Kxg7 16. Qh6+ Kg8 17. Nf4 Ra7 18. exd5 Qe7 19. Kb1 Qg7 20. Qh2 a5 21. Ngh3
Re8 22. Bb5 Re3 23. Ng5 a4 24. Nfe6 Qe7 25. Qh6 Bxe6 26. Nxe6 Re5 27. f4 Rxd5
28. Rde1 Rh5 29. Rxh5 Nxh5 30. Bc4 Kh8 31. f5 Qf6 32. Ng5 Re7 33. Rxe7 Qxe7 34.
Nf7+ Kg8 35. Ne5+ 1-0

[Event "Aeroflot Open (B) 2003"]
[Site "?"]
[Date "2003.02.11"]
[Round "1"]
[White "Castaldo"]
[Black "Seeman, Tarvo"]
[Result "1/2-1/2"]
[WhiteElo "2338"]
[BlackElo "2446"]
[PlyCount "163"]

1. Nf3 Nf6 2. c4 g6 3. Nc3 Bg7 4. e4 d6 5. d4 O-O 6. Be2 Na6 7. O-O e5 8. Re1
c6 9. Bf1 Bg4 10. dxe5 Bxf3 11. Qxf3 dxe5 12. Be3 Qe7 13. Rad1 Nd7 14. a3 Nac5
15. b4 Ne6 16. c5 Rfd8 17. Na4 Nd4 18. Bxd4 exd4 19. Nb2 b6 20. cxb6 axb6 21.
Qb3 Ne5 22. Nd3 Qa7 23. Nxe5 Bxe5 24. Rd3 c5 25. Rf3 Kg7 26. Bc4 f6 27. Bd5
Rac8 28. b5 Rxd5 29. Qxd5 c4 30. Rc1 Rc5 31. Qe6 Qc7 32. g3 d3 33. Rd1 Qd8 34.
Kg2 h5 35. h4 Rc7 36. Qxb6 d2 37. Rxd2 Qxd2 38. Rxf6 Re7 39. Rxg6+ Kh7 40. Rg5
Qd6 41. Qe3 c3 42. Qe2 Bg7 43. Qxh5+ Bh6 44. Rc5 Rc7 45. Qf5+ Kg7 46. Rd5 Qf6
47. Rd7+ Rxd7 48. Qxd7+ Kg6 49. Qg4+ Kh7 50. Qd7+ Bg7 51. Qc7 Qd4 52. Qc6 Bf8
53. b6 Qc5 54. Qd7+ Kg6 55. b7 Bd6 56. Qc8 Qd4 57. Qg8+ Kh6 58. Qe6+ Kg7 59.
Qg4+ Kf7 60. Qd7+ Kf6 61. Qc6 Ke7 62. h5 Be5 63. h6 Kf7 64. f4 Bxf4 65. gxf4
Qd2+ 66. Kg3 Qe1+ 67. Kg4 Qe2+ 68. Kg5 Qg2+ 69. Kf5 Qh3+ 70. Ke5 Qh5+ 71. Kd4
Qd1+ 72. Kxc3 Qc1+ 73. Kd4 Qxc6 74. b8=Q Qa4+ 75. Qb4 Qd7+ 76. Kc3 Qh3+ 77. Kc4
Qe6+ 78. Kb5 Qe8+ 79. Kc5 Qc8+ 80. Kd4 Qd7+ 81. Kc3 Qh3+ 82. Kb2 1/2-1/2

[Event "Aeroflot Open (B) 2003"]
[Site "?"]
[Date "2003.??.11"]
[Round "1"]
[White "Bashkite, Viktoria"]
[Black "Gladyshev, Oleg"]
[Result "0-1"]
[WhiteElo "2136"]
[BlackElo "2323"]
[PlyCount "68"]

1. c4 g6 2. Nf3 Bg7 3. g3 Nf6 4. Bg2 O-O 5. Nc3 d6 6. O-O e5 7. d4 Nbd7 8. dxe5
dxe5 9. Qc2 c6 10. Rd1 Qe7 11. Ng5 Nc5 12. b4 Ne6 13. Nxe6 Bxe6 14. b5 Bxc4 15.
bxc6 bxc6 16. Qa4 Qe6 17. Bxc6 Rac8 18. Bb5 Qh3 19. f3 Bxb5 20. Nxb5 e4 21. Rb1
Rc5 22. Qxa7 exf3 23. exf3 Rc2 24. Bd2 Rd8 25. Qf2 Bf8 26. Kh1 Qd7 27. Qb6 Ng4
28. Nc3 Qf5 29. f4 Rdxd2 30. Rxd2 Rxd2 31. Rb2 Rxb2 32. Qxb2 Qc8 33. Nd5 Qc6
34. Qd2 Nf6 0-1

[Event "Aeroflot Open (B) 2003"]
[Site "?"]
[Date "2003.??.11"]
[Round "1"]
[White "Leito, Priit"]
[Black "Iskakov"]
[Result "1-0"]
[WhiteElo "2370"]
[BlackElo "2196"]
[PlyCount "80"]

1. c4 e5 2. Nc3 Nf6 3. g3 Bb4 4. Bg2 O-O 5. e4 Bxc3 6. dxc3 d6 7. Ne2 Nbd7 8.
O-O a6 9. Qc2 b5 10. cxb5 axb5 11. h3 Bb7 12. g4 Nc5 13. Ng3 Ra6 14. Re1 Qa8
15. a3 Ra4 16. b4 Ne6 17. Bf1 Bc6 18. f3 g6 19. Kh2 Qb7 20. Qf2 Rfa8 21. Bd3
Nd7 22. Ne2 d5 23. exd5 Bxd5 24. Ng3 Nf4 25. Bc2 R4a6 26. Ne4 Qc6 27. Rd1 h6
28. Bxf4 exf4 29. Qd2 Be6 30. Qxf4 Kh7 31. Rd2 Rxa3 32. Rad1 Ra2 33. Bd3 Rxd2+
34. Rxd2 Ra1 35. Be2 Qb6 36. Nc5 Nxc5 37. Qd4 Qb7 38. bxc5 Qb8 39. c4 Ra4 40.
Qf6 Ra8 1-0

[Event "Aeroflot Open 2003"]
[Site "?"]
[Date "2003.02.12"]
[Round "2"]
[White "Shabalov, Aleksander"]
[Black "Kuelaots, Kaido"]
[Result "0-1"]
[WhiteElo "2613"]
[BlackElo "2516"]
[PlyCount "94"]

1. d4 Nf6 2. c4 e6 3. Nf3 b6 4. Nc3 Bb7 5. a3 d5 6. cxd5 Nxd5 7. Qc2 Nxc3 8.
bxc3 Nd7 9. e4 c5 10. Bb5 Bd6 11. dxc5 bxc5 12. O-O Qc7 13. Rd1 Bc6 14. c4 Ne5
15. Nxe5 Bxe5 16. Qa4 Bxb5 17. Qxb5+ Ke7 18. Bg5+ f6 19. Be3 Rhc8 20. Rab1 Rab8
21. Qa4 Bxh2+ 22. Kh1 Rxb1 23. Rxb1 Bd6 24. Qd1 Rb8 25. Rc1 g6 26. Qg4 Kf7 27.
Qh4 h5 28. f4 f5 29. exf5 exf5 30. Qf2 Be7 31. Rd1 Qc6 32. Rd5 Rb1+ 33. Kh2 Qf6
34. Rd7 Qa1 35. Qd2 Rh1+ 36. Kg3 h4+ 37. Kf3 Qf1+ 38. Bf2 Qxc4 39. Qe3 Qe6 40.
Qxe6+ Kxe6 41. Rxa7 Ra1 42. a4 Ra3+ 43. Ke2 Ra2+ 44. Kf3 Bd6 45. Ra6 Kd5 46.
Be3 Ra3 47. Ra8 g5 0-1

[Event "Aeroflot Open 2003"]
[Site "?"]
[Date "2003.02.12"]
[Round "2"]
[White "Postny, Evgeni"]
[Black "Ehlvest, Jaan"]
[Result "1-0"]
[WhiteElo "2494"]
[BlackElo "2600"]
[PlyCount "92"]

1. d4 d5 2. c4 e6 3. Nf3 Nf6 4. Nc3 Bb4 5. Bg5 h6 6. Bxf6 Qxf6 7. Qb3 c5 8.
cxd5 exd5 9. e3 O-O 10. dxc5 Bxc3+ 11. Qxc3 Qxc3+ 12. bxc3 Nd7 13. Rd1 Nf6 14.
c4 Be6 15. Nd4 Rfc8 16. Nxe6 fxe6 17. cxd5 exd5 18. Rc1 Rc7 19. Bd3 Rac8 20.
Kd2 Rxc5 21. Rxc5 Rxc5 22. Rb1 Ra5 23. Rxb7 Rxa2+ 24. Bc2 Ng4 25. Kc3 Kf8 26.
Rb4 Nxh2 27. Rf4+ Ke7 28. Rh4 Nf1 29. Rh1 Ra1 30. Kb2 Re1 31. Bd3 Rd1 32. Bxf1
Rd2+ 33. Kc3 Rxf2 34. g4 Kd6 35. Bd3 Rg2 36. Bf5 Ke5 37. Kd3 Rg3 38. Ra1 h5 39.
Rxa7 hxg4 40. Bc8 Rg1 41. Rxg7 g3 42. Bh3 Rd1+ 43. Ke2 Ra1 44. Rg5+ Kd6 45. Bg2
Ra2+ 46. Kf3 d4 1-0

[Event "Aeroflot Open (B) 2003"]
[Site "?"]
[Date "2003.02.12"]
[Round "2"]
[White "Kornilov, I."]
[Black "Kanep, Meelis"]
[Result "1/2-1/2"]
[WhiteElo "2371"]
[BlackElo "2445"]
[PlyCount "82"]

1. e4 c5 2. Nf3 d6 3. d4 cxd4 4. Nxd4 Nf6 5. Nc3 a6 6. Be3 e6 7. f3 Nbd7 8. g4
h6 9. Qd2 b5 10. O-O-O Bb7 11. Bd3 Ne5 12. Rhe1 b4 13. Nce2 Qa5 14. Nb3 Qa4 15.
Ned4 Be7 16. h4 Nfd7 17. Kb1 Bxh4 18. Rh1 Be7 19. g5 O-O-O 20. gxh6 gxh6 21.
Rxh6 Rxh6 22. Bxh6 Kb8 23. Bg5 Bxg5 24. Qxg5 Rc8 25. Qe7 d5 26. exd5 Bxd5 27.
Be2 Rc7 28. f4 Nc4 29. Qxf7 Ne3 30. Rd2 e5 31. Ne6 Qc6 32. Nd8 Qxc2+ 33. Rxc2
Bxf7 34. Rxc7 Bg6+ 35. Kc1 Kxc7 36. Ne6+ Kd6 37. Ng5 exf4 38. Bxa6 Ne5 39. a3
bxa3 40. bxa3 f3 41. Nd2 Bh5 1/2-1/2

[Event "Aeroflot Open (B) 2003"]
[Site "?"]
[Date "2003.02.12"]
[Round "2"]
[White "Dzhakajev"]
[Black "Leito, Priit"]
[Result "1-0"]
[WhiteElo "2445"]
[BlackElo "2370"]
[PlyCount "55"]

1. e4 c5 2. c3 e6 3. d4 d5 4. e5 Nc6 5. Nf3 Bd7 6. Be2 Nge7 7. Na3 Nf5 8. Nc2
cxd4 9. cxd4 Nb4 10. Ne3 Rc8 11. O-O Nxe3 12. fxe3 Be7 13. a3 Nc6 14. b4 O-O
15. Bd2 a6 16. Bd3 Na7 17. a4 Qe8 18. h4 f5 19. exf6 Bxf6 20. Ng5 Bxg5 21.
Rxf8+ Qxf8 22. hxg5 Be8 23. Qg4 Qd6 24. b5 Bg6 25. Bxg6 hxg6 26. Bb4 Qxb4 27.
Qxe6+ Kh7 28. b6 1-0

[Event "Aeroflot Open (B) 2003"]
[Site "?"]
[Date "2003.02.12"]
[Round "2"]
[White "Seeman, Tarvo"]
[Black "Karim, I."]
[Result "1-0"]
[WhiteElo "2446"]
[BlackElo "2136"]
[PlyCount "51"]

1. e4 c5 2. Nc3 e6 3. Nf3 Nc6 4. Bb5 Nge7 5. O-O a6 6. Bxc6 Nxc6 7. d4 cxd4 8.
Nxd4 Qc7 9. Nxc6 dxc6 10. Qg4 Bd7 11. Be3 O-O-O 12. Rfd1 Bd6 13. h3 f5 14. exf5
exf5 15. Qf3 Rhg8 16. Na4 c5 17. Nc3 g5 18. Nd5 Qc6 19. Nf6 Rg6 20. Nxd7 Rxd7
21. Qxf5 Bc7 22. c4 h5 23. Rd5 Rf6 24. Qxg5 Rg6 25. Qxh5 Rdg7 26. g4 1-0

[Event "Aeroflot Open 2003"]
[Site "?"]
[Date "2003.02.13"]
[Round "3"]
[White "Kuelaots, Kaido"]
[Black "Mamedyarov, Shahriyar"]
[Result "0-1"]
[WhiteElo "2516"]
[BlackElo "2596"]
[PlyCount "74"]

1. e4 c5 2. Nf3 Nc6 3. d4 cxd4 4. Nxd4 Nf6 5. Nc3 e5 6. Ndb5 d6 7. Bg5 a6 8.
Na3 b5 9. Bxf6 gxf6 10. Nd5 Bg7 11. Bd3 Ne7 12. Nxe7 Qxe7 13. O-O O-O 14. c3 f5
15. Nc2 Bb7 16. exf5 Qg5 17. Ne3 e4 18. Bc2 d5 19. Qe2 Rad8 20. Rad1 d4 21.
cxd4 Bxd4 22. Bb3 Rd6 23. Rd2 Rfd8 24. Rfd1 h5 25. h3 Kf8 26. Kh1 Qh4 27. a4
Bc6 28. axb5 axb5 29. f6 Qg5 30. Ba2 Qe5 31. b4 Rxf6 32. Bb3 Rdd6 33. Kg1 Bd7
34. Ra2 Qg5 35. Kh1 Bxh3 36. Ra8+ Ke7 37. Rg1 Bg4 0-1

[Event "Aeroflot Open 2003"]
[Site "?"]
[Date "2003.02.13"]
[Round "3"]
[White "Zavgorodniy, S."]
[Black "Ehlvest, Jaan"]
[Result "0-1"]
[WhiteElo "2406"]
[BlackElo "2600"]
[PlyCount "56"]

1. e4 c5 2. Nf3 e6 3. d3 Nc6 4. g3 Nge7 5. Bg2 g6 6. O-O Bg7 7. c3 e5 8. a3 O-O
9. b4 b6 10. Nbd2 Rb8 11. Nb3 cxb4 12. axb4 a6 13. d4 d5 14. Nxe5 Nxe5 15. dxe5
Bxe5 16. Nd4 dxe4 17. Bxe4 Qc7 18. Bg5 Re8 19. Qb3 Bh3 20. Rfe1 Rbc8 21. Bxe7
Rxe7 22. Nc6 Re6 23. Nxe5 Rxe5 24. Bd5 Rce8 25. Red1 Qe7 26. Qb1 Rxd5 27. Rxd5
Qe2 28. Rd3 Bf5 0-1

[Event "Aeroflot Open (B) 2003"]
[Site "?"]
[Date "2003.02.13"]
[Round "3"]
[White "Kanep, Meelis"]
[Black "Zhidkov, V."]
[Result "1/2-1/2"]
[WhiteElo "2445"]
[BlackElo "2372"]
[PlyCount "61"]

1. d4 e6 2. c4 Nf6 3. Nc3 Bb4 4. f3 d5 5. a3 Bd6 6. e4 c5 7. cxd5 exd5 8. Bb5+
Bd7 9. Bxd7+ Nbxd7 10. dxc5 Bxc5 11. Nxd5 Nxd5 12. Qxd5 O-O 13. Nh3 Re8 14. Bg5
Qa5+ 15. Qd2 Qb5 16. b4 h6 17. Qe2 Qxe2+ 18. Kxe2 hxg5 19. Rhd1 Rad8 20. bxc5
g4 21. Nf4 gxf3+ 22. gxf3 Nxc5 23. Rxd8 Rxd8 24. Ke3 f6 25. h4 Kf7 26. h5 b6
27. Rc1 f5 28. e5 Re8 29. Ng6 Rd8 30. Nf4 Re8 31. Ng6 1/2-1/2

[Event "Aeroflot Open (B) 2003"]
[Site "?"]
[Date "2003.02.13"]
[Round "3"]
[White "Kononenko, T."]
[Black "Seeman, Tarvo"]
[Result "1/2-1/2"]
[WhiteElo "2373"]
[BlackElo "2446"]
[PlyCount "81"]

1. d4 Nf6 2. c4 g6 3. Nc3 Bg7 4. e4 d6 5. f3 O-O 6. Be3 a6 7. Bd3 Nbd7 8. Nge2
c5 9. Qd2 b6 10. O-O Bb7 11. b3 cxd4 12. Nxd4 e6 13. Rac1 Qc7 14. Rfd1 Rad8 15.
Bf1 Rfe8 16. Qf2 Qb8 17. b4 Rc8 18. Nb3 Bc6 19. a4 Bf8 20. b5 axb5 21. axb5 Ba8
22. Na4 Nc5 23. Nbxc5 dxc5 24. e5 Nh5 25. g4 Ng7 26. f4 Red8 27. Bg2 Qa7 28.
Nc3 Ne8 29. Ra1 Rxd1+ 30. Rxd1 Qa3 31. Qc2 Bxg2 32. Kxg2 Be7 33. Bf2 Rd8 34.
Na4 Rxd1 35. Qxd1 Qa2 36. Nxb6 Bh4 37. Qf3 h6 38. Qe3 Qc2 39. Qf3 g5 40. fxg5
hxg5 41. Qe3 1/2-1/2

[Event "Aeroflot Open (B) 2003"]
[Site "?"]
[Date "2003.02.13"]
[Round "3"]
[White "Leito, Priit"]
[Black "Kuzin, A."]
[Result "1-0"]
[WhiteElo "2370"]
[BlackElo "2250"]
[PlyCount "79"]

1. e4 c6 2. c4 d5 3. cxd5 cxd5 4. exd5 Nf6 5. Nc3 Nxd5 6. Nf3 Nc6 7. d4 e6 8.
Bc4 Be7 9. O-O O-O 10. Re1 Nxc3 11. bxc3 b6 12. Bd3 Bb7 13. Qc2 h6 14. Qe2 Qd5
15. c4 Qh5 16. Qe4 g6 17. g4 Qh3 18. Bf1 Nxd4 19. Nxd4 Qc3 20. Qxb7 Qxa1 21.
Qxe7 Qxd4 22. Bxh6 Rfe8 23. Qh4 Qh8 24. Re3 Rad8 25. Bg5 Qxh4 26. Bxh4 Rd4 27.
Be2 Kg7 28. Bg3 f6 29. g5 Rd2 30. gxf6+ Kxf6 31. Be5+ Ke7 32. a3 Red8 33. Bc3
Rc2 34. Bg4 a5 35. Rxe6+ Kf7 36. Rf6+ Ke7 37. Re6+ Kf7 38. Re3 Rd6 39. Bf3 Rc1+
40. Kg2 1-0

[Event "Aeroflot Open (B) 2003"]
[Site "?"]
[Date "2003.02.14"]
[Round "4"]
[White "Seeman, Tarvo"]
[Black "Kornilov, I."]
[Result "1/2-1/2"]
[WhiteElo "2446"]
[BlackElo "2371"]
[PlyCount "45"]

1. e4 d6 2. d4 Nf6 3. Nc3 e5 4. Nf3 Nbd7 5. Bc4 Be7 6. O-O O-O 7. Qe2 c6 8. a4
exd4 9. Nxd4 Re8 10. Be3 Bf8 11. f3 d5 12. exd5 Nb6 13. Ba2 Nbxd5 14. Nxd5 Nxd5
15. Bxd5 Qxd5 16. Qd2 Bd6 17. Rfe1 Be5 18. c3 a6 19. Bf4 Bxd4+ 20. Qxd4 Qxd4+
21. cxd4 Rxe1+ 22. Rxe1 Be6 23. Bc7 1/2-1/2

[Event "Aeroflot Open 2003"]
[Site "?"]
[Date "2003.02.14"]
[Round "4"]
[White "Shariyazdanov, A."]
[Black "Kuelaots, Kaido"]
[Result "1/2-1/2"]
[WhiteElo "2576"]
[BlackElo "2516"]
[PlyCount "83"]

1. d4 Nf6 2. c4 c6 3. Nf3 d5 4. e3 a6 5. Bd3 Bg4 6. Nbd2 e6 7. Qb3 Qc7 8. cxd5
exd5 9. Ne5 Bd6 10. f4 Bc8 11. Ndf3 c5 12. dxc5 Bxc5 13. Bd2 Nbd7 14. Rc1 Qb6
15. Ke2 Qxb3 16. axb3 Bd6 17. Bc3 Nc5 18. Bc2 Nce4 19. Bd4 Be6 20. Rhg1 h5 21.
Nd3 Ke7 22. b4 Rhc8 23. Bb3 Bd7 24. Be5 Bb5 25. Nd4 Bxd3+ 26. Kxd3 Bxb4 27.
Nf5+ Kf8 28. Ke2 g6 29. Nd4 Ke7 30. h3 Rc5 31. Rxc5 Bxc5 32. g4 hxg4 33. hxg4
Rh8 34. Nf3 Rh3 35. g5 Nd7 36. Bxd5 Ng3+ 37. Kd3 Nxe5+ 38. fxe5 b6 39. Rc1 Nf5
40. b4 Bxb4 41. Rc7+ Ke8 42. Ra7 1/2-1/2

[Event "Aeroflot Open 2003"]
[Site "?"]
[Date "2003.02.14"]
[Round "4"]
[White "Ehlvest, Jaan"]
[Black "Iljin"]
[Result "1-0"]
[WhiteElo "2600"]
[BlackElo "2404"]
[PlyCount "61"]

1. c4 e5 2. g3 Nc6 3. Bg2 g6 4. Nc3 Bg7 5. Rb1 f5 6. b4 Nf6 7. b5 Ne7 8. Qb3 d6
9. d3 O-O 10. Nf3 h6 11. c5+ Kh8 12. cxd6 cxd6 13. O-O g5 14. Ba3 f4 15. Nd2
Nf5 16. Nc4 Qe7 17. Rbc1 Rd8 18. Qa4 Qe8 19. Nb6 axb6 20. Qxa8 Nd4 21. Qa7 Qh5
22. Qxb6 Rg8 23. Bxd6 Bh3 24. Bxe5 Bxg2 25. Qxd4 Ng4 26. Bxg7+ Rxg7 27. Kxg2
Qxh2+ 28. Kf3 Qh3 29. Rh1 Nh2+ 30. Rxh2 Qxh2 31. Nd5 1-0

[Event "Aeroflot Open (B) 2003"]
[Site "?"]
[Date "2003.02.14"]
[Round "4"]
[White "Kanep, Meelis"]
[Black "Parfenov, V."]
[Result "1-0"]
[WhiteElo "2445"]
[BlackElo "2230"]
[PlyCount "79"]

1. d4 Nf6 2. Bg5 d5 3. Bxf6 exf6 4. e3 Bd6 5. c4 dxc4 6. Bxc4 O-O 7. Nc3 f5 8.
Nf3 Nd7 9. Qc2 c6 10. O-O-O Nf6 11. Ne5 Qe7 12. f4 Be6 13. Bd3 g6 14. g4 Nd5
15. Nxd5 cxd5 16. Kb1 Rac8 17. Qf2 fxg4 18. f5 Bxe5 19. dxe5 Bd7 20. Qg3 Qg5
21. e6 fxe6 22. fxg6 hxg6 23. Qd6 Rcd8 24. h3 Kg7 25. hxg4 e5 26. Qc5 b6 27.
Qc7 Rf7 28. Qxa7 e4 29. Bc2 Bxg4 30. Rh7+ Kxh7 31. Qxf7+ Kh6 32. Rh1+ Bh5 33.
Bd1 Qg2 34. Rxh5+ gxh5 35. Qf6+ Kh7 36. Qe7+ Kh6 37. Qxd8 Qd2 38. Qh8+ Kg5 39.
Qxh5+ Kf6 40. Qe2 1-0

[Event "Aeroflot Open (B) 2003"]
[Site "?"]
[Date "2003.02.14"]
[Round "4"]
[White "Leito, Priit"]
[Black "Holmov, Ratmir"]
[Result "1/2-1/2"]
[WhiteElo "2370"]
[BlackElo "2441"]
[PlyCount "82"]

1. e4 e5 2. Nf3 Nc6 3. Bb5 a6 4. Ba4 Nf6 5. Qe2 b5 6. Bb3 Bc5 7. c3 d6 8. O-O
O-O 9. d3 h6 10. Be3 Bxe3 11. fxe3 Be6 12. Nbd2 d5 13. exd5 Bxd5 14. e4 Bxb3
15. Nxb3 Qd6 16. Nh4 g6 17. Rf3 Nh7 18. Raf1 Qe7 19. Qf2 Rad8 20. Nc5 a5 21.
Kh1 Kg7 22. Nb7 Rd7 23. Nc5 Rd6 24. Nb7 Rf6 25. Qc5 Qxc5 26. Nxc5 Rd8 27. Kg1
Rxf3 28. Nxf3 Nf6 29. Kf2 Ne8 30. Ke2 Nd6 31. a3 Re8 32. g4 Nc8 33. Ne1 Nb6 34.
Nc2 Nd8 35. Ne3 Ne6 36. Nxe6+ Rxe6 37. Kd2 Rf6 38. Rxf6 Kxf6 39. h4 c6 40. b4
axb4 41. axb4 Ke6 1/2-1/2

[Event "Aeroflot Open (B) 2003"]
[Site "?"]
[Date "2003.02.14"]
[Round "4"]
[White "Melnikova, Y."]
[Black "Bashkite, Viktoria"]
[Result "1-0"]
[WhiteElo "2235"]
[BlackElo "2136"]
[PlyCount "87"]

1. e4 e5 2. Nf3 Nf6 3. Nc3 Nc6 4. d4 exd4 5. Nxd4 Bb4 6. Nxc6 bxc6 7. Bd3 d5 8.
exd5 cxd5 9. O-O O-O 10. Bg5 c6 11. Qf3 h6 12. Bxf6 Qxf6 13. Qxf6 gxf6 14. Ne2
Bd6 15. b3 c5 16. f4 Rb8 17. Ng3 Be6 18. Nh5 f5 19. Ng3 Rb4 20. Nxf5 Bxf5 21.
Bxf5 Rxf4 22. Rxf4 Bxf4 23. Re1 Kg7 24. g3 Bd6 25. Rd1 d4 26. Re1 Kf6 27. Bd3
Rg8 28. Rf1+ Ke7 29. Bc4 Rg7 30. Rf5 f6 31. Rh5 Rh7 32. Kf2 Ke8 33. Bd3 Rh8 34.
Kf3 Kf7 35. Rh4 Be7 36. Kf4 f5 37. Rh5 Bg5+ 38. Kxf5 Re8 39. Kg4 Kg7 40. h4 Be7
41. Re5 Rg8 42. Kh3 Bd6 43. Re6 Bf8 44. Ra6 1-0

[Event "Aeroflot Open 2003"]
[Site "?"]
[Date "2003.02.15"]
[Round "5"]
[White "Ehlvest, Jaan"]
[Black "Grigorjants, S."]
[Result "1-0"]
[WhiteElo "2600"]
[BlackElo "2524"]
[PlyCount "83"]

1. d4 c5 2. d5 e5 3. Nc3 d6 4. Nf3 Be7 5. e4 Bg4 6. b3 Nd7 7. h3 Bh5 8. g4 Bg6
9. h4 h6 10. Qe2 Ngf6 11. h5 Bh7 12. g5 hxg5 13. Nxg5 Nxd5 14. Nxd5 Bxg5 15.
Bxg5 Qxg5 16. Nc7+ Ke7 17. Nxa8 Rxa8 18. f3 f5 19. Qd2 Qg3+ 20. Qf2 Qxf2+ 21.
Kxf2 fxe4 22. Rg1 Kf8 23. Rd1 Nf6 24. Rxd6 exf3 25. Kxf3 Nxh5 26. Rh1 e4+ 27.
Kg4 Ke7 28. Rxh5 Kxd6 29. Rxh7 Rf8 30. Bg2 Ke5 31. c3 Rf2 32. Rh5+ Kd6 33. Bxe4
b6 34. a4 Rb2 35. Bd5 Rc2 36. c4 Rc3 37. Rg5 Rxb3 38. Kf5 a6 39. Rg6+ Kd7 40.
Rxg7+ Kd6 41. Rg6+ Kd7 42. Ke5 1-0

[Event "Aeroflot Open 2003"]
[Site "?"]
[Date "2003.02.15"]
[Round "5"]
[White "Kuelaots, Kaido"]
[Black "Harlov, Andrei"]
[Result "1/2-1/2"]
[WhiteElo "2516"]
[BlackElo "2597"]
[PlyCount "118"]

1. e4 c5 2. Nf3 d6 3. d4 cxd4 4. Nxd4 Nf6 5. Nc3 e6 6. Be3 Nc6 7. Qd2 Be7 8. f3
O-O 9. g4 d5 10. g5 Nxd4 11. Qxd4 Nh5 12. f4 dxe4 13. Qxe4 Bd7 14. Bd3 g6 15.
Qxb7 Rb8 16. Qxa7 Rxb2 17. O-O-O Rb8 18. Be4 Qc8 19. Rd3 Bb4 20. Qxd7 Bxc3 21.
Qc6 Ba5 22. Rb3 Rxb3 23. axb3 Bc7 24. Rf1 Qb8 25. Qb7 Qxb7 26. Bxb7 Rb8 27. Ba6
Ra8 28. Be2 Ra1+ 29. Kd2 Rxf1 30. Bxf1 Kf8 31. c4 Ke7 32. b4 Nxf4 33. b5 Kd7
34. Kc3 Nh5 35. h3 Ng3 36. Bg2 Nf5 37. Bf2 Bd8 38. b6 Kc8 39. c5 Bxg5 40. c6
Be3 41. Bf1 Bf4 42. Kb4 Kb8 43. Ka5 Ng7 44. Be3 Bg3 45. Bg5 Ne8 46. Be7 Be5 47.
Ba6 Bf4 48. Kb4 Be5 49. Kc4 Bg3 50. Kd3 Bh2 51. Ke4 h6 52. Kf3 h5 53. Bg5 Bd6
54. Be3 Nf6 55. Bc5 Bh2 56. Kg2 Bf4 57. Kf3 Bh2 58. Bg1 Bd6 59. Bc5 Bh2 1/2-1/2

[Event "Aeroflot Open (B) 2003"]
[Site "?"]
[Date "2003.02.15"]
[Round "5"]
[White "Chuiko, A."]
[Black "Kanep, Meelis"]
[Result "1/2-1/2"]
[WhiteElo "2405"]
[BlackElo "2445"]
[PlyCount "130"]

1. e4 c5 2. Nf3 d6 3. d4 cxd4 4. Nxd4 Nf6 5. Nc3 a6 6. Be3 e6 7. f3 Nbd7 8. g4
h6 9. Qd2 b5 10. O-O-O b4 11. Na4 Qa5 12. b3 Bb7 13. Kb1 Nc5 14. a3 Nxa4 15.
axb4 Qc7 16. bxa4 d5 17. e5 Nd7 18. f4 Nb6 19. Nb3 Nxa4 20. Bd4 Rc8 21. Bd3 Nb6
22. Rhf1 Nc4 23. Bxc4 Qxc4 24. Na5 Qb5 25. c3 Rb8 26. Kb2 Bc8 27. Ra1 Be7 28.
Rf2 Bh4 29. Rf3 Bd8 30. Kc2 O-O 31. Qd3 Qd7 32. Nb3 Qc6 33. Kd2 f6 34. exf6
Bxf6 35. Bxf6 Rxf6 36. g5 hxg5 37. fxg5 Rxf3 38. Qxf3 e5 39. Rf1 Qg6 40. Qxd5+
Be6 41. Qxe5 Re8 42. Nd4 Bc4 43. Qf5 Qd6 44. Rf2 Qe7 45. Kc2 a5 46. Qc5 Bd3+
47. Kb2 Qe4 48. Nc2 axb4 49. Nxb4 Rb8 50. Qd6 Rb5 51. h4 Qe3 52. Qf8+ Kh7 53.
Qf3 Rxb4+ 54. cxb4 Qd4+ 55. Kc1 Qc3+ 56. Kd1 Bc2+ 57. Ke2 Qc4+ 58. Ke3 Bg6 59.
h5 Qd3+ 60. Kf4 Qf5+ 61. Kg3 Qxg5+ 62. Qg4 Qe3+ 63. Rf3 Qg1+ 64. Kh4 Qe1+ 65.
Qg3 Qxb4+ 1/2-1/2

[Event "Aeroflot Open (B) 2003"]
[Site "?"]
[Date "2003.02.15"]
[Round "5"]
[White "Seeman, Tarvo"]
[Black "Kaplan, S."]
[Result "1/2-1/2"]
[WhiteElo "2446"]
[BlackElo "2152"]
[PlyCount "108"]

1. Nf3 d5 2. g3 Nf6 3. Bg2 c6 4. O-O Bf5 5. d3 e6 6. c4 Be7 7. Be3 O-O 8. Qb3
Qc8 9. Nc3 Rd8 10. Rac1 dxc4 11. Qxc4 Nd5 12. Bd2 Nd7 13. a3 a5 14. Qa2 Nc5 15.
Rfd1 Qb8 16. h3 Nb6 17. Bf4 Bd6 18. Bg5 Re8 19. Be3 h6 20. Nb5 Nbd7 21. Nxd6
Qxd6 22. Qc4 Na6 23. Qc3 Nc7 24. Bd2 e5 25. e4 Be6 26. Be3 Nb5 27. Qc2 a4 28.
Qe2 Bb3 29. Rf1 Rad8 30. Nh4 Nf6 31. f3 Qxd3 32. Qf2 Nd4 33. Rfe1 Qb5 34. Bf1
Qb6 35. g4 c5 36. Kh2 Qd6 37. Nf5 Qf8 38. Qg3 Nd7 39. g5 Nxf5 40. exf5 hxg5 41.
Bxg5 f6 42. Bh6 Kh8 43. Be3 Qg8 44. Bb5 Qh7 45. Rg1 Re7 46. Bd3 Nb6 47. Bxc5
Ree8 48. Be4 Nd5 49. Rce1 Rc8 50. Be3 Rc7 51. Bd2 Ne7 52. Rc1 Rd7 53. Bb4 Nxf5
54. Qf2 Qh4 1/2-1/2

[Event "Aeroflot Open (B) 2003"]
[Site "?"]
[Date "2003.02.15"]
[Round "5"]
[White "Raetsky, A."]
[Black "Leito, Priit"]
[Result "1/2-1/2"]
[WhiteElo "2444"]
[BlackElo "2370"]
[PlyCount "44"]

1. d4 d5 2. c4 e6 3. Nf3 c5 4. cxd5 exd5 5. Nc3 Nc6 6. g3 Nf6 7. Bg2 Be7 8. O-O
O-O 9. Bg5 cxd4 10. Nxd4 Re8 11. Rc1 h6 12. Be3 Bg4 13. h3 Be6 14. Kh2 Qd7 15.
Qa4 a6 16. Nxe6 fxe6 17. Bb6 Bd8 18. Bxd8 Raxd8 19. Rfd1 Qf7 20. e3 e5 21. Qb3
e4 22. Rd2 Rd7 1/2-1/2

[Event "Aeroflot Open 2003"]
[Site "?"]
[Date "2003.02.16"]
[Round "6"]
[White "Savchenko, Stanislav"]
[Black "Ehlvest, Jaan"]
[Result "1/2-1/2"]
[WhiteElo "2539"]
[BlackElo "2600"]
[PlyCount "27"]

1. d4 d5 2. c4 e6 3. Nf3 Nf6 4. Nc3 Bb4 5. Bg5 h6 6. Bxf6 Qxf6 7. e3 O-O 8. Rc1
dxc4 9. Bxc4 c5 10. O-O cxd4 11. Nxd4 Bd7 12. Qb3 Nc6 13. Nxc6 Bxc3 14. Qxc3
1/2-1/2

[Event "Aeroflot Open (B) 2003"]
[Site "?"]
[Date "2003.02.16"]
[Round "6"]
[White "Kanep, Meelis"]
[Black "Vanderstricht, G."]
[Result "1/2-1/2"]
[WhiteElo "2445"]
[BlackElo "2397"]
[PlyCount "93"]

1. d4 Nf6 2. c4 e6 3. Nc3 Bb4 4. f3 d5 5. a3 Bxc3+ 6. bxc3 c6 7. e3 O-O 8. cxd5
cxd5 9. Bd3 b6 10. Ne2 Ba6 11. e4 Bxd3 12. Qxd3 Nc6 13. Bg5 h6 14. Bh4 dxe4 15.
fxe4 Ne5 16. Qc2 Ng6 17. Bg3 Nh5 18. O-O Nxg3 19. Nxg3 Rc8 20. Rf2 Qc7 21. Rc1
e5 22. d5 Qc5 23. a4 Nf4 24. c4 h5 25. Ne2 Rfe8 26. Qd2 f6 27. Kf1 Qa3 28. Nxf4
exf4 29. d6 Re5 30. Rxf4 Qxa4 31. Rf5 Qc6 32. Rxe5 fxe5 33. Qd3 Qc5 34. Ke2 Rd8
35. Qd5+ Kh7 36. Rd1 Qxd5 37. Rxd5 Kg6 38. Kd3 Kf6 39. c5 bxc5 40. Kc4 Ke6 41.
Kxc5 a5 42. Kc6 a4 43. d7 a3 44. Rd6+ Ke7 45. Rd5 Ke6 46. Rd6+ Ke7 47. Rd5
1/2-1/2